مجلة كلية الأداب : دورية أكاديمية علمية محكمة/ Bulletin of the faculty or arts

Saved in:

Corporate Author: Faculty of Arts, Sohag.

Format: Book

Language: Undetermined

Published: Egypt Assiut University, Sohag 1994

Series: مجلة كلية الأداب العدد 14

Tags: Add Tag

No Tags, Be the first to tag this record!

Call Number: A40 RFA(AS)

LEADER 00474nam a2200133Ia 4500
008 240404s9999||||xx |||||||||||||| ||und||
050 4 |a A40 RFA(AS) 
110 0 |a Faculty of Arts, Sohag. 
245 1 0 |a مجلة كلية الأداب : دورية أكاديمية علمية محكمة/ Bulletin of the faculty or arts 
264 1 |a Egypt  |b Assiut University, Sohag  |c 1994 
300 |a 382125  |c 24 
490 0 |a مجلة كلية الأداب العدد 14 
942 |2 lcc  |c BK 
999 |c 58172  |d 58172